| 000 | 00761nam a2200193 a 4500 | ||
|---|---|---|---|
| 003 | 0 | ||
| 005 | 20250315112536.0 | ||
| 008 | 071127s19uu xx 00 eng d | ||
| 050 |
_aPGS PE 1128.A2.S64 _b.L477 2007 |
||
| 100 | _aLee, Mi Ji. | ||
| 245 |
_aEffects of speak English drive on language proficiency / _cMi Ji Lee. |
||
| 260 |
_aLas PiƱas City, Philippines : _bSouthville International School and Colleges, _c2007. |
||
| 300 |
_a30 pages : _bcolored illustrations ; _c28 cm. |
||
| 504 | _aIncludes bibliographical references. | ||
| 650 |
_aEnglish language _vStudy and teaching _vForeign speakers. |
||
| 650 |
_aLanguage acquisition _vEnglish proficiency. |
||
| 650 |
_aEducational programs _vEffectiveness on language proficiency. |
||
| 942 |
_2lcc _cPASS |
||
| 999 |
_c97741 _d97741 |
||